000 01314nam0a22002651 4500
001 rc\405443
005 20260406212644.0
035 _a(NLR Aleph) 005653868
090 _a6800828
_c6800828
100 _a20030616d1989 |||y0rusy50 ca
101 0 _arus
102 _aRU
105 _ay |||||||||
200 1 _aВопросы качества психиатрической, неврологической и наркологической помощи
_dProblems of quality of psychiatric, neurological and narcological service
_eСб. науч. тр. (республиканский)
_fВсерос. науч. о-во невропатологов и психиатров, Моск. НИИ психиатрии
_g[Отв. ред. В.В. Ковалев]
210 _aМ.
_cМНИИП
_d1989
215 _a213, [1] с.
_d22
320 _aБиблиогр. в конце ст.
510 0 _aProblems of quality of psychiatric, neurological and narcological service
702 1 _aКовалев
_bВ.В.
_gВладимир Викторович
_4340
712 0 2 _aВсероссийское науч. мед. о-во невропатологов и психиатров
_3RU\NLR\AUTH\889970125
_9436528
801 0 _aRU
_bNLR
_gpsbo
801 1 _aRU
_bELAR
_2rusmarc
852 _aNLR
_j89-3/3071
942 _cBOOK
980 _aNB